| 000 | 00871nam a22002775i 4500 | ||
|---|---|---|---|
| 001 | 11309 | ||
| 003 | ES-MaACL | ||
| 005 | 20230906150055.0 | ||
| 007 | t| | ||
| 008 | 950130s1994 sp ||||0| spa j | ||
| 020 | _a84-481-0188-X | ||
| 040 |
_aM-BN _bspa _cM-BN |
||
| 080 | _a551.32(035) | ||
| 100 | 1 |
_aEraso, Adolfo. _947351 |
|
| 245 | 1 | 0 |
_aCuevas en hielo y ríos bajo los glaciares / _cAdolfo Eraso, Marian Pulina. |
| 260 |
_aMadrid : _bMcGraw-Hill, _cD.L. 1994. |
||
| 300 |
_aXVI, 242 p ; _c21 cm. |
||
| 490 | 1 | _aSerie McGraw-Hill de divulgación científica | |
| 500 | _aIndice. | ||
| 504 | _aBibliografía: p. 209-233. | ||
| 650 | 1 | 4 |
_aGlaciares- _vObras de divulgación. _913124 |
| 700 | 1 |
_aPulina, Marian. _994381 |
|
| 830 | 0 |
_aSerie McGraw-Hill de divulgación científica _9178515 |
|
| 852 |
_aES-MaACL _jL-18569 _bR.124890 |
||
| 999 |
_c11309 _d11309 |
||